000
00349nam a2200133Ia 4500
008
151213s9999 xx 000 0 und d
100
_a
Jacob P. Meerman
245
_a
Reforming Agriculture
_c
Jacob P. Meerman
260
_a
Washington D. C
_b
World Bank
_c
1997
300
_a
2023 p.
650
_a
Reference
700
_a
Jacob P. Meerman
999
_c
1482
_d
1482